Normal view MARC view
  • Mendizábal Bermúdez, Gabriela

Entry Nombre Personal

Number of records used in: 1

001 - NUMERO DE CONTROL

  • campo de control: 59382

003 - IDENTIFICADOR DE NUMERO DE CONTROL

  • campo de control: MX-MxUPN

005 - FECHA Y HORA DE LA ÜLTIMA TRANSACCIÓN

  • campo de control: 20260427111024.0

008 - DATOS DE LONGITUD FIJA

  • campo de control de longitud fija: 260427nn acnnnaabn a aaa d

040 ## - FUENTE DE CATALOGACIÓN

  • Agencia original de catalogación: MX-MxUPN
  • Lenguaje de catalogación: spa

100 1# - ENCABEZAMIENTO - NOMBRE PERSONAL

  • Nombre personal: Mendizábal Bermúdez, Gabriela

400 1# - VEÁSE - NOMBRE DE PERSONA

  • Personal name: Bermúdez, Gabriela Mendizábal

670 ## - FUENTE EN LA QUE SE LOCALIZARON DATOS

  • Cita de la fuente: El trabajo y las pensiones de los académicos en las universidades en el siglo XXI, [2012] :
  • Información localizada: portada (Gabriela Mendizábal Bermúdez)

902 ## - CATALOGADOR

  • Catalogador: VíctorGodínez/270426